Statistics for Historic Journeys on a World Map

Click here to take the quiz!

General Stats

  • This quiz has been taken 11,986 times
  • The average score is 8 of 12

Answers on the Map

Answers color-coded by a green-red scale on the quiz's map according to % correct below.
Loading ...
131124567891012
 

Answer Stats

#DateTravelers% Correct
21492-1493Christopher Columbus
98%
41271-1295Marco Polo
80%
101768-1771James Cook
78%
81206-1227Genghis Khan
73%
51519-1522Ferdinand Magellan/ Juan Sebastian Elcano
72%
6334-323 B.C.Alexander the Great
69%
11804-1806Meriwether Lewis/ William Clark
58%
11c. 1000Leif Erikson
56%
7218 B.C.Hannibal Barca
55%
91610-1611Henry Hudson
46%
121841-1873David Livingstone
46%
31927Charles Lindbergh
43%

Score Distribution

Percentile by Number Answered

Percent of People with Each Score

Your Score History

You have not taken this quiz